000 00655nam a22001697a 4500
003 OSt
005 20260409155413.0
008 260409b |||||||| |||| 00| 0 eng d
040 _cMRSPTU
041 _aEnglish
100 _aAnmolpreet Kaur Supervisor: K. S. Sandhu,
245 _aTablet Formulation from Native and Physically Modified (Heat Moisture Treatment and Annealing) Buckwheat and Corn Starches: Their Characterization and Evaluation
260 _bDepartment of Food Science & Technology, MRSPTU, Bathinda
_c2024
650 _aFood Science & Technology
856 _uhttp://163.47.215.52:8080/jspui/handle/123456789/890
942 _2ddc
_cTH
_n0
999 _c11456
_d11456